| 000 | 00604nam a2200217 a 4500 | ||
|---|---|---|---|
| 005 | 20210219152959.0 | ||
| 008 | 991125n 000 0 u | ||
| 035 | _aUPN01000070432 | ||
| 100 | _aShank, Russell | ||
| 222 | _aLIBRARY TRENDS | ||
| 245 | _aCultural and technological influences : An introduction | ||
| 300 | _a180-186 | ||
| 362 | _a41, No. 2, 1992 | ||
| 505 | _aSeptiembre 1993 | ||
| 653 | 0 | _aADMINISTRACION DE BIBLIOTECAS | |
| 653 | 0 | _aINFLUENCIAS CULTURALES | |
| 653 | 0 | _aMANEJO DE PERSONAL | |
| 653 | 0 | _aTECNOLOGIA DE INFORMACION | |
| 904 |
_aAC _b008243 |
||
| 905 | _aArticulo | ||
| 999 |
_c65370 _d65370 |
||